000 00973nam a2200265Ia 4500
003 OSt
005 20221005104555.0
006 a|||||r|||| 00| 0
007 ta
008 221004b |||||||| |||| 00| 0 hin d
020 _a9789350643013 (pbk)
_cINR 295.00
024 _a41973
037 _b285, 15/02/2019, Eastern Book Linkers
_cTextual
040 _aCRL
_cCRL
_bhin
041 _2hin
_ahin
082 _aQ2:31(Y15), 152Q5(Q6)
100 _aपट्टनायक, देवदत्त, ले.
_9158876
245 0 _aदेवी के सात रहस्य
246 _aDevī ke sāt rahasya
260 _aदिल्ली
_bराजपाल एन्ड सन्ज भारत
_c2016
300 _a258पृ0
_ccm.
650 _aधर्म
942 _hQ2:31(Y15), 152Q5(Q6)
_cTEXL
_2cc
999 _c1013141
_d1013141